000 00497nam a2200181Ia 4500
005 20250508154113.0
008 008 250505s9999 xx 000 0 eng d
037 _aTextual
040 _aFEDL
_beng
_cFEDL
041 _aeng
_2eng
084 _a615.856, HOL
_qFEDL
100 _aHolbrook Stewart H
_9155931
245 0 _aGolden age of quackery
260 _aNew York, USA
_bCollier Books
_c1959
300 _a284p.
942 _cTEXL
_h615.856, HOL
999 _c1347655
_d1347655